World class supply management : (Record no. 587)

MARC details
000 -LEADER
fixed length control field 00887nam a2200265 a 4500
001 - CONTROL NUMBER
control field 587
005 - DATE AND TIME OF LATEST TRANSACTION
control field 20221127085958.0
008 - FIXED-LENGTH DATA ELEMENTS--GENERAL INFORMATION
fixed length control field 050920s lxxua | | 00100 eng d
020 ## - INTERNATIONAL STANDARD BOOK NUMBER
International Standard Book Number 0072290706(hpc) :
Terms of availability SR132.00
035 ## - SYSTEM CONTROL NUMBER
System control number 600
082 04 - DEWEY DECIMAL CLASSIFICATION NUMBER
Classification number 658.7
Item number B95 2003
100 1# - MAIN ENTRY--PERSONAL NAME
Personal name Burt, David N.
245 10 - TITLE STATEMENT
Title World class supply management :
Remainder of title the key to supply chain managemen /
Statement of responsibility, etc. David Burt, Donald Dober, Stephen Starling.
247 10 - FORMER TITLE
Title Purchasing and supply management.
250 ## - EDITION STATEMENT
Edition statement 7th ed.
260 ## - PUBLICATION, DISTRIBUTION, ETC.
Place of publication, distribution, etc. Boston, Mass. :
Name of publisher, distributor, etc. McGraw-Hill/Irwin,
Date of publication, distribution, etc. 2003.
300 ## - PHYSICAL DESCRIPTION
Extent xlvi, 689 p. :
Other physical details ill. ;
Dimensions 24 cm.
Accompanying material 2CD.
500 ## - GENERAL NOTE
General note Includes index.
500 ## - GENERAL NOTE
General note Revised ed. of : Purchasing and supply management.
650 #4 - SUBJECT ADDED ENTRY--TOPICAL TERM
Topical term or geographic name entry element Materials management.
650 #4 - SUBJECT ADDED ENTRY--TOPICAL TERM
Topical term or geographic name entry element Purchasing.
650 #4 - SUBJECT ADDED ENTRY--TOPICAL TERM
Topical term or geographic name entry element Marketing channels.
700 1# - ADDED ENTRY--PERSONAL NAME
Personal name Dobler, Donald W.,
Relator term jt. auth.
700 1# - ADDED ENTRY--PERSONAL NAME
Personal name Starling, Stephen L.,
Relator term jt. auth
Holdings
Withdrawn status Lost status Source of classification or shelving scheme Damaged status Not for loan Home library Current library Date acquired Total Checkouts Full call number Barcode Date last seen Copy number Price effective from Koha item type
          CENTRAL CENTRAL 11/27/2022   658.7 B95 2003 1000000001418 11/27/2022 C1 11/27/2022 Book
          CENTRAL CENTRAL 11/27/2022   658.7 B95 2003 1000000003904 11/27/2022 C3 11/27/2022 CD
          CENTRAL CENTRAL 11/27/2022   658.7 B95 2003 1000000003903 11/27/2022 C4 11/27/2022 CD
          KHOBAR KHOBAR 11/27/2022   658.7 B95 2003 1000000001419 11/27/2022 C2 11/27/2022 Book